A study on the Malaysian legislations on the corporate governance practices and the extent of compliance by the KLSE listed companies /
Saved in:
| Main Author: | |
|---|---|
| Format: | Thesis Book |
| Language: | English |
| Published: |
2003.
|
| Subjects: | |
| Online Access: | http://studentsrepo.um.edu.my/id/eprint/2913 |
| Tags: |
Add Tag
No Tags, Be the first to tag this record!
|
| LEADER | 01223nam a2200277 a 4500 | ||
|---|---|---|---|
| 001 | u698689 | ||
| 003 | SIRSI | ||
| 008 | 041001s2003 a t 00 1 eng m | ||
| 035 | |a ADC-7725 | ||
| 040 | |a UMM |d UMK | ||
| 090 | |a HF5630 |b UM 2003 Sur | ||
| 098 | |a HF5630 |b UM 2003 Sur | ||
| 100 | 0 | 0 | |a Suresh Kaliaperumal. |
| 245 | 1 | 2 | |a A study on the Malaysian legislations on the corporate governance practices and the extent of compliance by the KLSE listed companies / |c Suresh Kaliaperumal. |
| 260 | |c 2003. | ||
| 300 | |a v, 54 leaves: |b ill, ; |3 0cm. | ||
| 502 | |a Dissertation (M.B.A. (Acc.)) -- Fakulti Perniagaan dan Perakaunan, Universiti Malaya, 2003. | ||
| 504 | |a Bibliography: leaves 54. | ||
| 610 | 2 | 0 | |a Bursa Saham Kuala Lumpur. |
| 650 | 0 | |a Corporate governance |x Law and legislation |z Malaysia. | |
| 710 | 2 | 0 | |a Universiti Malaya. |b Fakulti Perniagaan dan Perakaunan. |
| 856 | 4 | 1 | |u http://studentsrepo.um.edu.my/id/eprint/2913 |
| 948 | |a 01/10/2004 |b 01/10/2004 | ||
| 596 | |a 1 19 | ||
| 999 | |a HF5630 UM 2003 SUR |w LC |c 1 |i A511702302 |d 19/9/2010 |e 19/9/2010 |f 12/5/2005 |g 1 |l STACKS |m P01UTAMA |n 4 |r Y |s Y |t TESIS |u 22/4/2005 | ||
| 999 | |a HF5630 UM 2003 SUR |w LC |c 1 |i A511852776 |d 24/5/2005 |f 24/5/2005 |g 1 |l STACKS |m P19KOTA |r Y |s Y |t TESIS |u 24/5/2005 | ||
